| 000 | 00950nam a2200253Ia 4500 | ||
|---|---|---|---|
| 003 | OSt | ||
| 005 | 20221002044531.0 | ||
| 006 | a|||||r|||| 00| 0 | ||
| 007 | ta | ||
| 008 | 220930b |||||||| |||| 00| 0 urd d | ||
| 020 |
_a8185999686 (hbk) _cIndian Rupees 1200 |
||
| 024 | _a41088 | ||
| 037 |
_bGift, 09/01/2019, _cReference Collections |
||
| 040 |
_aCRL _cCRL _burh |
||
| 041 |
_2urh _aurh |
||
| 082 | _aP168:4k, 152P3;P7(RR) | ||
| 100 |
_aउस्मानी, मु. सज्जाद, ले. _9569387 |
||
| 245 | 0 | _aउर्दू - हिन्दी शब्दकोश | |
| 260 |
_aदिल्ली _b स्वराज प्रकाशन _c2007 |
||
| 300 |
_a863पृ0 _ccm. |
||
| 650 | _aउर्दू साहित्य | ||
| 942 |
_hP168:4k, 152P3;P7(RR) _cref _2CC |
||
| 999 |
_c910556 _d910556 |
||